41-50 - Statystyki

Ogólne statystyki
  • Ten quiz został rozwiązany 102 razy
  • Średni wynik to 10 z 10
Statystyki odpowiedzi
41-50 % Poprawnych
41
100%
50
100%
42
99%
43
99%
44
99%
45
99%
46
99%
47
99%
48
99%
49
99%
Nie znaleziono quizów pasujących do podanych kryteriów
Rozkład punktacji
Procent ludzi z każdym wynikiem
Percentyl według liczby udzielonych odpowiedzi
Twoja historia wyników
Nie rozwiązałeś tego quizu